Discapacidad y TIC estrategias de equidad, participación e inclusión (Registro nro. 16895)

Detalles MARC
000 - LÍDER
campo de control de longitud fija 02027nam a2200397 i 4500
005 - FECHA Y HORA DE LA ÚLTIMA TRANSACCIÓN
campo de control 20230731232207.0
008 - ELEMENTOS DE DATOS DE LONGITUD FIJA - INFORMACIÓN GENERAL
campo de control de longitud fija 230731s2021 ck ao gr 001 0dspa d
020 ## - INTERNATIONAL STANDARD BOOK NUMBER
International Standard Book Number 9789585305212
040 ## - FUENTE DE CATALOGACIÓN
Agencia de catalogación original CO-PeBPR
Agencia de transcripción CO-PeBPR
Descripción convenciones rda
041 ## - CÓDIGO DE LENGUAJE
Código de idioma de texto / pista de sonido o título separado spa
082 04 - NÚMERO DE CLASIFICACIÓN DECIMAL DEWEY
Número de clasificación 371.91
Número de artículo M85d
100 1# - ENTRADA PRINCIPAL - NOMBRE PERSONAL
9 (RLIN) 53360
Nombre de la persona Muñoz-Borja, Patricia
Término del Relator autor
245 10 - TÍTULO DECLARACIÓN
Título Discapacidad y TIC estrategias de equidad, participación e inclusión
Declaración de responsabilidad Patricia Muñoz-Borja y [otros cinco]
250 ## - DECLARACIÓN DE EDICIÓN
Sentencia de edición Edición especial. Segunda edición
264 01 - AVISO DE PRODUCCIÓN, PUBLICACIÓN, DISTRIBUCIÓN, FABRICACIÓN Y DERECHOS DE AUTOR
Lugar de producción Cali
Nombre del productor Ambientes de aprendizaje
Fecha de producción 2021
300 ## - DESCRIPCIÓN FÍSICA
Alcance 171 páginas
Otros datos físicos ilustraciones, fotografías a blanco y negro
Dimensiones 26 cm
336 ## - TIPO DE CONTENIDO
Tipo de contenido texto
Código de tipo de contenido txt
Fuente rdacontent
337 ## - TIPO DE MEDIO
Término del tipo de medio sin mediación
Código de tipo de medio n
Fuente rdamedia
338 ## - TIPO DE PORTADOR
Término del tipo de operador volumen
Código de tipo de operador nc
Fuente rdacarrier
490 ## - DECLARACIÓN EN SERIE
Estado de cuenta de la serie Plan Nacional de Lectura y Escritura Leer es mi Cuento / Ministerio de Cultura
500 ## - NOTA GENERAL
Nota general Incluye datos biográficos de los autores al final del texto
500 ## - NOTA GENERAL
Nota general Edición especial. Colección de actualización bibliográfica para la Red Nacional de Bibliotecas Públicas del Ministerio de Cultura en el marco del Plan Nacional de Lectura, Escritura y Oralidad "Leer es mi cuento", 2021
504 ## - BIBLIOGRAFÍA
Bibliografía Incluye referencias bibliográficas al final de cada capítulo
521 ## - NOTA DE AUDIENCIA OBJETIVO
Nota para el público objetivo Recomendado para un público adulto
650 #0 - ENTRADA DE SUJETO AÑADIDO - TÉRMINO TÓPICO
9 (RLIN) 53361
Término tópico o elemento de entrada del nombre geográfico Educación de Personas con Discapacidades
Subdivisión de forma Investigaciones
650 #0 - ENTRADA DE SUJETO AÑADIDO - TÉRMINO TÓPICO
9 (RLIN) 50233
Término tópico o elemento de entrada del nombre geográfico Educación, Ciencia y Tecnología
Subdivisión de forma Investigaciones
650 #0 - ENTRADA DE SUJETO AÑADIDO - TÉRMINO TÓPICO
9 (RLIN) 52871
Término tópico o elemento de entrada del nombre geográfico Educación Inclusiva
Subdivisión de forma Investigaciones
650 #0 - ENTRADA DE SUJETO AÑADIDO - TÉRMINO TÓPICO
9 (RLIN) 27886
Término tópico o elemento de entrada del nombre geográfico Lenguaje Por Señas
Subdivisión de forma Investigaciones
700 1# - ENTRADA AGREGADA - NOMBRE PERSONAL
9 (RLIN) 53362
Nombre de la persona García Ruíz, Rosa
Término del Relator autora
700 1# - ENTRADA AGREGADA - NOMBRE PERSONAL
9 (RLIN) 53363
Nombre de la persona Bonilla del Río, Mónica
Término del Relator autora
700 1# - ENTRADA AGREGADA - NOMBRE PERSONAL
9 (RLIN) 53364
Nombre de la persona Millán Muñoz, Rodolfo
Término del Relator autor
700 1# - ENTRADA AGREGADA - NOMBRE PERSONAL
9 (RLIN) 53365
Nombre de la persona Lasso Largo, Claudia Isabel
Término del Relator autora
700 1# - ENTRADA AGREGADA - NOMBRE PERSONAL
9 (RLIN) 53366
Nombre de la persona López Gómez, Lorenzo
Término del Relator autor
830 ## - ENTRADA AGREGADA EN SERIE - TÍTULO UNIFORME
Título uniforme Dotación MinCultura - BNC / Sala de Patrimonio Bibliográfico y Documental de Risaralda
942 ## - ELEMENTOS DE ENTRADA AGREGADOS (KOHA)
Fuente de clasificación o esquema de estanterías Dewey Decimal Classification
Tipo de artículo Koha Libro
Parte de clasificación 371.91 M85d
Prefijo del número de llamada 371.91
Sufijo del número de llamada M85d
Existencias
Estado de retirada Pérdida de estatus Fuente de clasificación o esquema de estanterías Estado dañado No para préstamo Código de recogida Ubicación permanente Ubicación actual Ubicación de las estanterías Fecha de adquisición Fuente de adquisición Total de Cajas Número de llamada completo Código de barras Fecha de la última vez que se vio Número de copia Precio efectivo desde Tipo de artículo Koha
    Dewey Decimal Classification     Sala Patrimonial Biblioteca Pública Departamental Comfamiliar Risaralda Biblioteca Pública Departamental Comfamiliar Risaralda Área General 31/07/2023 Dotación MinCultura / BNC   371.91 M85d 4641 31/07/2023 Ej. 1 31/07/2023 Libro
    Dewey Decimal Classification     General Biblioteca Pública Hugo Ángel Jaramillo del Barrio Cuba Biblioteca Pública Hugo Ángel Jaramillo del Barrio Cuba Área General 20/12/2023 Dotación Min y Cultura BNC   371.91 M85d CUB04 - 0383 20/12/2023 Ej. 1 20/12/2023 Libro
    Dewey Decimal Classification     General Biblioteca Pública Municipal Francisco Jaramillo Ochoa Biblioteca Pública Municipal Francisco Jaramillo Ochoa Área General 14/08/2023 Dotación Min. Cultura   371.91 M85d LAVI10 - 0858 14/08/2023 Ej. 1 14/08/2023 Libro
    Dewey Decimal Classification     General Biblioteca Pública Municipal Isaías Naranjo Ríos Biblioteca Pública Municipal Isaías Naranjo Ríos Área General 09/09/2021 Dotación ministerio de cultura   371.91 M85d API01 - 0444 22/04/2024 EJ. 1 22/04/2024 Libro
    Dewey Decimal Classification     General Biblioteca Pública Municipal Juan XXIII Biblioteca Pública Municipal Juan XXIII Área General 16/12/2023 Ministerio de Cultura   371.91 M85d BAL02-3026 16/12/2023 Ej.1 16/12/2023 Libro
    Dewey Decimal Classification     General Biblioteca Pública Municipal Mistrató Biblioteca Pública Municipal Mistrató Área General 19/02/2024 Ministerio de Cultura   371.91 M85d MIS12 - 0809 19/02/2024 Ej. 1 19/02/2024 Libro